[Event "Titled Tuesday intern op 02nd Apr Early"]
[Site "Chess.com INT"]
[Date "2024.04.02"]
[Round "11"]
[White "Baules Rodriguez, Jorge Luis"]
[Black "Tymrakiewicz, Rafal"]
[Result "1/2-1/2"]
[WhiteElo "2283"]
[BlackElo "2135"]
[PlyCount "151"]
[EventDate "2024.04.02"]
[EventType "swiss (blitz)"]
[EventRounds "11"]
[EventCountry "USA"]
[SourceTitle "CBM 219 Extra"]
[Source "ChessBase"]
[SourceDate "2024.05.31"]
[SourceVersion "1"]
[SourceVersionDate "2024.05.31"]
[SourceQuality "1"]

1. e4 Nf6 2. e5 Nd5 3. d4 d6 4. Nf3 g6 5. Be2 Bg7 6. 0-0 0-0 7. Re1 Nc6 8. exd6 cxd6 9. c4 Nb6 10. Be3 d5 11. c5 Nc4 12. Bc1 Bg4 13. Nc3 e6 14. Bxc4 dxc4 15. Be3 Nb4 16. Rb1 Nd3 17. Rf1 Rb8 18. h3 Bxf3 19. Qxf3 Bxd4 20. Qe4 Bxc5 21. Bxc5 Nxc5 22. Qxc4 Rc8 23. Rfd1 Qe7 24. Qb4 Qc7 25. Rbc1 Qb6 26. Qxb6 axb6 27. b4 Na6 28. a3 Rfd8 29. Na4 b5 30. Nb6 Rxd1+ 31. Rxd1 Rc6 32. Nd7 Nc7 33. Ne5 Rc3 34. Rd7 f6 35. Ng4 Nd5 36. Rxb7 h5 37. Ne3 Nxe3 38. fxe3 Rxa3 39. Kf2 f5 40. Rxb5 Kf7 41. Rb6 Kf6 42. Kf3 h4 43. b5 Rb3 44. Rb8 g5 45. b6 Ke5 46. b7 f4 47. Kg4 fxe3 48. Kf3 Rb4 49. Kxe3 Rb3+ 50. Kf2 Ke4 51. Re8 Rxb7 52. Rxe6+ Kf5 53. Re2 Rb3 54. Re3 Rb2+ 55. Kf3 Rb5 56. Rd3 Rc5 57. Re3 Rc4 58. Rd3 Rc5 59. Re3 Rd5 60. Rc3 Rb5 61. Re3 Rb1 62. Re2 Rd1 63. Re3 Rf1+ 64. Ke2 Rb1 65. Kf3 Rb5 66. Rd3 Re5 67. Re3 Rxe3+ 68. Kxe3 g4 69. hxg4+ Kxg4 70. Kf2 Kf4 71. Ke2 Kg3 72. Kf1 Kh2 73. Kf2 Kh1 74. Kf3 Kg1 75. Kg4 Kxg2 76. Kxh4 1/2-1/2

[Event "Titled Tuesday intern op 02nd Apr Early"]
[Site "Chess.com INT"]
[Date "2024.04.02"]
[Round "4"]
[White "Hubbard, Andrew"]
[Black "Baules Rodriguez, Jorge Luis"]
[Result "0-1"]
[WhiteElo "2109"]
[BlackElo "2283"]
[PlyCount "136"]
[EventDate "2024.04.02"]
[EventType "swiss (blitz)"]
[EventRounds "11"]
[EventCountry "USA"]
[SourceTitle "CBM 219 Extra"]
[Source "ChessBase"]
[SourceDate "2024.05.31"]
[SourceVersion "1"]
[SourceVersionDate "2024.05.31"]
[SourceQuality "1"]

1. d4 Nf6 2. c4 g6 3. f3 d5 4. cxd5 Nxd5 5. e4 Nb6 6. Nc3 Bg7 7. Be3 0-0 8. Qd2 Nc6 9. 0-0-0 Qd6 10. Kb1 Rd8 11. Nge2 Nc4 12. Qc1 Nxe3 13. Qxe3 Nxd4 14. Nb5 Nxb5 15. Rxd6 Nxd6 16. Nc3 c6 17. h4 Be6 18. h5 b5 19. hxg6 hxg6 20. Ne2 Nc4 21. Qg5 Rd1+ 22. Kc2 Rd2+ 23. Qxd2 Nxd2 24. Kxd2 Bxb2 25. Kc2 Bg7 26. Nc1 Rd8 27. f4 a5 28. g3 Rd4 29. e5 Bf5+ 30. Bd3 Rc4+ 31. Kd2 Bxd3 32. Nxd3 Ra4 33. Ra1 f6 34. Ke3 fxe5 35. fxe5 Ra3 36. Kd4 c5+ 37. Nxc5 Rxg3 38. Ne4 Rg2 39. a3 Re2 40. Rb1 Ra2 41. Rxb5 Rxa3 42. Rb8+ Kh7 43. Rb7 Bf8 44. Ng5+ Kg7 45. Ne6+ Kf7 46. Ng5+ Kg8 47. Rb8 Ra4+ 48. Ke3 Rb4 49. Ra8 Rb5 50. Ke4 Rb4+ 51. Ke3 Rb6 52. Rxa5 Bh6 53. Ra8+ Kg7 54. Ke4 Bxg5 55. Kd5 e6+ 56. Kc5 Rb2 57. Kd6 Re2 58. Kxe6 Bf4 59. Ra5 Kh6 60. Kf6 Bxe5+ 61. Rxe5 Rxe5 62. Kxe5 Kg5 63. Ke4 Kg4 64. Ke3 Kg3 65. Ke4 g5 66. Kf5 g4 67. Ke4 Kf2 68. Kf4 g3 0-1

[Event "Titled Tuesday intern op 26th Mar Late"]
[Site "Chess.com INT"]
[Date "2024.03.26"]
[Round "6"]
[White "Baules Rodriguez, Jorge Luis"]
[Black "Bellahcene, Bilel"]
[Result "1/2-1/2"]
[WhiteElo "2281"]
[BlackElo "2522"]
[PlyCount "190"]
[EventDate "2024.03.26"]
[EventType "swiss (blitz)"]
[EventRounds "11"]
[EventCountry "USA"]
[SourceTitle "EXT 2025"]
[Source "ChessBase"]
[SourceDate "2024.10.14"]
[SourceVersion "1"]
[SourceVersionDate "2024.10.14"]
[SourceQuality "1"]

1. e4 c5 2. Nf3 g6 3. d4 cxd4 4. Qxd4 Nf6 5. e5 Nc6 6. Qa4 Nd5 7. Qb3 Nc7 8. Bc4 Ne6 9. 0-0 Bg7 10. Re1 0-0 11. Nc3 a6 12. Bd5 b5 13. a4 b4 14. Bxc6 dxc6 15. Qxb4 c5 16. Qh4 Bb7 17. Ng5 Nxg5 18. Bxg5 Qd4 19. Bxe7 Rfe8 20. Bf6 Qxh4 21. Bxh4 Bxe5 22. Rad1 Bc6 23. a5 Rab8 24. Rxe5 Rxe5 25. Bg3 Ree8 26. Bxb8 Rxb8 27. b3 c4 28. Rb1 cxb3 29. Rxb3 Rc8 30. f3 Bd7 31. Kf2 Be6 32. Ra3 Kg7 33. Ke3 Kf6 34. Ne4+ Ke5 35. c3 Bd5 36. Nf2 Bc4 37. Ne4 f5 38. Nd2 f4+ 39. Kf2 Bd3 40. c4 Bf5 41. Rb3 Kd4 42. Rb6 Kc3 43. Nf1 Rxc4 44. Rxa6 Kb4 45. Ra7 Rc2+ 46. Ke1 Rc1+ 47. Ke2 Rc2+ 48. Kd1 Rxg2 49. a6 Bd3 50. Rb7+ Kc5 51. a7 Ra2 52. Rc7+ Kd4 53. Nd2 Ke3 54. Nb3 Ra3 55. Re7+ Kxf3 56. Nc1 Be4 57. Rc7 Bd5 58. Rc5 Ke4 59. Kd2 f3 60. Rc3 Rxa7 61. Rd3 Ra5 62. Re3+ Kd4 63. Rd3+ Kc5 64. Re3 Kd6 65. Ke1 Ra4 66. Nd3 Ra1+ 67. Kf2 Ra2+ 68. Kg3 Re2 69. Rxe2 fxe2 70. Kf2 Bc4 71. Nf4 Ke5 72. Nh3 Kf5 73. Ng1 g5 74. Nf3 g4 75. Nd4+ Kg5 76. Nc2 Kf4 77. Ne3 Bd3 78. Ng2+ Kg5 79. Ne1 Ba6 80. Kg3 h5 81. h4+ Kf5 82. Ng2 Ke4 83. Kf2 Bc4 84. Ne1 Kf4 85. Ng2+ Ke4 86. Ne1 Kd4 87. Ng2 Bd5 88. Nf4 Bf3 89. Nxh5 Ke5 90. Ng3 Kf4 91. Nxe2+ Bxe2 92. Kxe2 g3 93. h5 Kg5 94. Kf3 Kh6 95. Kxg3 Kxh5 1/2-1/2

[Event "Titled Tuesday intern op 26th Mar Late"]
[Site "Chess.com INT"]
[Date "2024.03.26"]
[Round "1"]
[White "Ho, In Hei Henry"]
[Black "Baules Rodriguez, Jorge Luis"]
[Result "0-1"]
[WhiteElo "1779"]
[BlackElo "2281"]
[PlyCount "50"]
[EventDate "2024.03.26"]
[EventType "swiss (blitz)"]
[EventRounds "11"]
[EventCountry "USA"]
[SourceTitle "EXT 2025"]
[Source "ChessBase"]
[SourceDate "2024.10.14"]
[SourceVersion "1"]
[SourceVersionDate "2024.10.14"]
[SourceQuality "1"]

1. d4 Nf6 2. c4 g6 3. Nc3 Bg7 4. e4 d6 5. Nf3 0-0 6. Be2 e5 7. Be3 Ng4 8. Bg5 f6 9. Bh4 Nc6 10. d5 Ne7 11. 0-0 h5 12. h3 Nh6 13. c5 g5 14. Bg3 Ng6 15. b4 f5 16. Rc1 g4 17. hxg4 hxg4 18. Nd2 f4 19. Bh2 Qg5 20. g3 Rf7 21. cxd6 cxd6 22. Nb5 Bf8 23. Rc7 Bd7 24. Rxb7 Rh7 25. gxf4 Qh5 0-1

[Event "Titled Tuesday intern op 26th Mar Late"]
[Site "Chess.com INT"]
[Date "2024.03.26"]
[Round "8"]
[White "Montano Vicente, Guadalupe"]
[Black "Baules Rodriguez, Jorge Luis"]
[Result "1-0"]
[WhiteElo "1819"]
[BlackElo "2281"]
[PlyCount "89"]
[EventDate "2024.03.26"]
[EventType "swiss (blitz)"]
[EventRounds "11"]
[EventCountry "USA"]
[SourceTitle "EXT 2025"]
[Source "ChessBase"]
[SourceDate "2024.10.14"]
[SourceVersion "1"]
[SourceVersionDate "2024.10.14"]
[SourceQuality "1"]

1. d4 Nf6 2. c4 g6 3. Nc3 Bg7 4. e4 d6 5. Be2 0-0 6. Bg5 c5 7. d5 Qa5 8. Bd2 e6 9. Nf3 a6 10. a4 Qc7 11. 0-0 exd5 12. exd5 Bf5 13. Nh4 Bc8 14. h3 Re8 15. Bd3 Nbd7 16. f4 Nh5 17. Nf3 Ng3 18. Re1 Nf6 19. Rxe8+ Nxe8 20. Qc2 Bf5 21. Re1 Nf6 22. Bxf5 Nxf5 23. Ne4 Nxe4 24. Rxe4 Qd7 25. Bc3 Bxc3 26. Qxc3 Qxa4 27. Kf2 b5 28. g4 Ng7 29. Ng5 h6 30. cxb5 Qxb5 31. Nf3 Rb8 32. Re2 Re8 33. Rxe8+ Nxe8 34. f5 Qb7 35. fxg6 fxg6 36. Qc4 Qxb2+ 37. Kg3 Qb5 38. Qe4 Qd7 39. Qxg6+ Ng7 40. Qxh6 c4 41. Ng5 Ne8 42. Qg6+ Kf8 43. Nh7+ Ke7 44. Qg5+ Kf7 45. Qh5+ 1-0

[Event "Titled Tuesday intern op 09th Jan Early"]
[Site "Chess.com INT"]
[Date "2024.01.09"]
[Round "9"]
[White "Baules Rodriguez, Jorge Luis"]
[Black "Tejedor Fuente, Enrique"]
[Result "0-1"]
[WhiteElo "2291"]
[BlackElo "2395"]
[PlyCount "130"]
[EventDate "2024.01.09"]
[EventType "swiss (blitz)"]
[EventRounds "11"]
[EventCountry "USA"]
[SourceTitle "CBM 218 Extra"]
[Source "ChessBase"]
[SourceDate "2024.03.31"]
[SourceVersion "1"]
[SourceVersionDate "2024.03.31"]
[SourceQuality "1"]

1. e4 b6 2. d4 Bb7 3. Bd3 e6 4. Nc3 f5 5. exf5 exf5 6. Bxf5 Qe7+ 7. Kf1 Nf6 8. Bg5 Na6 9. Qe2 0-0-0 10. Qxe7 Bxe7 11. Nge2 g6 12. Bxf6 Bxf6 13. Be4 Rde8 14. Bxb7+ Kxb7 15. a3 c6 16. Rd1 Nc7 17. g3 a5 18. Kg2 b5 19. Rhe1 Ref8 20. Ne4 Be7 21. N2c3 d5 22. Nd2 Bd6 23. Nf3 Rf7 24. Ng5 Rf6 25. f4 h6 26. Nf3 Rhf8 27. h4 Bxf4 28. gxf4 Rxf4 29. Rd3 g5 30. hxg5 hxg5 31. Ne2 Rg4+ 32. Ng3 Rgf4 33. Rf1 Ne6 34. Re3 R4f6 35. c3 b4 36. Ne5 Nf4+ 37. Kg1 Kc7 38. axb4 Nh3+ 39. Kh2 Rxf1 40. Nxf1 Nf2 41. bxa5 Ne4 42. Ng3 Nd2 43. b4 g4 44. Nxg4 Rh8+ 45. Kg2 Nc4 46. Re7+ Kb8 47. Rg7 Rf8 48. Ne5 Ne3+ 49. Kh3 Rh8+ 50. Nh5 Rxh5+ 51. Kg3 Nf5+ 52. Kg4 Nxg7 53. Nxc6+ Kb7 54. b5 Rh8 55. Nb4 Ne8 56. Nxd5 Nd6 57. b6 Rf8 58. Ne3 Rc8 59. Nf5 Nxf5 60. Kxf5 Rxc3 61. Ke6 Ra3 62. d5 Rxa5 63. d6 Kxb6 64. Kd7 Rd5 65. Ke7 Kc6 0-1

[Event "Titled Tuesday intern op 09th Jan Early"]
[Site "Chess.com INT"]
[Date "2024.01.09"]
[Round "5"]
[White "Fernandez Guillen, Ernesto J"]
[Black "Baules Rodriguez, Jorge Luis"]
[Result "0-1"]
[WhiteElo "2465"]
[BlackElo "2291"]
[PlyCount "78"]
[EventDate "2024.01.09"]
[EventType "swiss (blitz)"]
[EventRounds "11"]
[EventCountry "USA"]
[SourceTitle "CBM 218 Extra"]
[Source "ChessBase"]
[SourceDate "2024.03.31"]
[SourceVersion "1"]
[SourceVersionDate "2024.03.31"]
[SourceQuality "1"]

1. e4 c5 2. Nf3 d6 3. d4 cxd4 4. Nxd4 Nf6 5. Nc3 g6 6. f3 Bg7 7. Bc4 0-0 8. Be3 Nc6 9. Qd2 Bd7 10. h4 Qa5 11. h5 Nxh5 12. g4 Nf6 13. 0-0-0 Rfc8 14. Bb3 Ne5 15. Bh6 Bxh6 16. Rxh6 Rxc3 17. bxc3 Rc8 18. Rdh1 Qxc3 19. Qxc3 Rxc3 20. Kd2 Rxf3 21. Nxf3 Nxf3+ 22. Ke3 Ng5 23. R6h4 Ngxe4 24. Rxh7 Nxh7 25. Kxe4 Bc6+ 26. Bd5 Nf6+ 27. Kd3 Bxd5 28. Rb1 Nxg4 29. a4 Bc6 30. a5 a6 31. c4 f5 32. Kd4 e5+ 33. Kc3 Kf7 34. Rd1 Ke6 35. c5 dxc5 36. Rd8 e4 37. Kc4 e3 38. Rd1 f4 39. Kxc5 e2 0-1

[Event "Titled Tuesday intern op 09th Jan Early"]
[Site "Chess.com INT"]
[Date "2024.01.09"]
[Round "4"]
[White "Livaic, Leon"]
[Black "Baules Rodriguez, Jorge Luis"]
[Result "1-0"]
[WhiteElo "2557"]
[BlackElo "2291"]
[PlyCount "53"]
[EventDate "2024.01.09"]
[EventType "swiss (blitz)"]
[EventRounds "11"]
[EventCountry "USA"]
[SourceTitle "CBM 218 Extra"]
[Source "ChessBase"]
[SourceDate "2024.03.31"]
[SourceVersion "1"]
[SourceVersionDate "2024.03.31"]
[SourceQuality "1"]

1. d4 Nf6 2. c4 g6 3. Nc3 d5 4. cxd5 Nxd5 5. e4 Nxc3 6. bxc3 Bg7 7. Bc4 c5 8. Ne2 Nc6 9. Be3 0-0 10. h4 cxd4 11. cxd4 b5 12. Bb3 Qa5+ 13. Kf1 Bg4 14. f3 Bd7 15. h5 Rad8 16. Kf2 Qb4 17. hxg6 hxg6 18. a3 Qd6 19. e5 Qb8 20. Qc1 Rc8 21. Qd2 Rfd8 22. Bh6 Bh8 23. Bf8 Bxe5 24. dxe5 Qb6+ 25. Kg3 Bh3 26. Qh6 Rxf8 27. Qxg6+ 1-0

[Event "Titled Tuesday intern op 09th Jan Early"]
[Site "Chess.com INT"]
[Date "2024.01.09"]
[Round "8"]
[White "Vela Frago, Alberto"]
[Black "Baules Rodriguez, Jorge Luis"]
[Result "1-0"]
[WhiteElo "2310"]
[BlackElo "2291"]
[PlyCount "59"]
[EventDate "2024.01.09"]
[EventType "swiss (blitz)"]
[EventRounds "11"]
[EventCountry "USA"]
[SourceTitle "CBM 218 Extra"]
[Source "ChessBase"]
[SourceDate "2024.03.31"]
[SourceVersion "1"]
[SourceVersionDate "2024.03.31"]
[SourceQuality "1"]

1. e4 c5 2. c3 Nf6 3. e5 Nd5 4. d4 cxd4 5. Nf3 Nc6 6. Bc4 Nb6 7. Bb3 d6 8. exd6 Qxd6 9. Na3 Bf5 10. Nb5 Qd7 11. Nbxd4 Nxd4 12. Nxd4 Bg6 13. 0-0 e6 14. a4 a5 15. Qe2 Bc5 16. Rd1 Bxd4 17. Rxd4 Qc6 18. Bf4 0-0 19. Rd6 Qc5 20. Rad1 Nd5 21. Bxd5 exd5 22. R1xd5 Qc8 23. h3 Re8 24. Qd2 Be4 25. Rd4 Bc6 26. Bg5 Qf5 27. Kh2 Re6 28. Rd8+ Re8 29. Rxa8 Rxa8 30. Rd8+ 1-0

[Event "Titled Tuesday intern op 09th Jan Early"]
[Site "Chess.com INT"]
[Date "2024.01.09"]
[Round "2"]
[White "Yuan, Qingyu"]
[Black "Baules Rodriguez, Jorge Luis"]
[Result "0-1"]
[WhiteElo "2360"]
[BlackElo "2291"]
[PlyCount "150"]
[EventDate "2024.01.09"]
[EventType "swiss (blitz)"]
[EventRounds "11"]
[EventCountry "USA"]
[SourceTitle "CBM 218 Extra"]
[Source "ChessBase"]
[SourceDate "2024.03.31"]
[SourceVersion "1"]
[SourceVersionDate "2024.03.31"]
[SourceQuality "1"]

1. e4 c5 2. Nf3 d6 3. Bb5+ Nd7 4. c3 a6 5. Ba4 Ngf6 6. Qe2 e6 7. 0-0 Be7 8. d4 0-0 9. Bc2 b5 10. Nbd2 Bb7 11. Re1 Qc7 12. Nf1 Rac8 13. Bd3 Rfe8 14. Ng3 Bf8 15. a4 c4 16. Bc2 g6 17. h4 e5 18. d5 Bg7 19. h5 Nc5 20. axb5 axb5 21. h6 Bf8 22. Bg5 Ng4 23. Qd2 f6 24. Be3 Nxe3 25. Qxe3 Ra8 26. Nh2 Rxa1 27. Rxa1 Bc8 28. Qf3 Kf7 29. Ng4 Bxg4 30. Qxg4 Bxh6 31. Qh4 Kg7 32. Nf1 Qb7 33. Qg4 Ra8 34. Qd1 Ra7 35. Nh2 Kg8 36. Ng4 Bg7 37. g3 Qa8 38. Rb1 Ra2 39. Qf3 Qf8 40. Kg2 h5 41. Ne3 Bh6 42. Qd1 Bxe3 43. fxe3 Qh6 44. Qf3 Qg5 45. Kh3 Kg7 46. Kh2 Na4 47. Bxa4 bxa4 48. Kh3 f5 49. exf5 Qxf5+ 50. Qxf5 gxf5 51. Kh4 Kg6 52. Kh3 Kg5 53. Rf1 Rxb2 54. Ra1 Rb3 55. Rxa4 Rxc3 56. Ra6 Rxe3 57. Rxd6 f4 58. Rc6 Rxg3+ 59. Kh2 c3 60. d6 Rd3 61. Kg2 e4 62. Kf2 Rd2+ 63. Ke1 e3 64. Rxc3 Rxd6 65. Ke2 Rd2+ 66. Kf3 Rf2+ 67. Ke4 e2 68. Rc5+ Kg4 69. Rc8 e1Q+ 70. Kd5 Rd2+ 71. Kc6 Rc2+ 72. Kb7 Rxc8 73. Kxc8 Qe7 74. Kb8 Kf5 75. Ka8 Ke6 0-1